000 00443nam a2200181Ia 4500
001 10378
005 20260306161828.0
008 260306t1960||||xx |||||||||||||| ||spa||
041 _aESP
082 _a922.21
_bP43
100 _aPerrota, Paul Christopher
_eAUT
245 0 _aPapa Juan XXIII:
_bsu vida, su carácter
260 _c1960
300 _a335 páginas :
_c20 cm.
650 _aGEN
654 _aCHU
942 _cLIB
_dJUS
_fJUS
_2ddc
_n
999 _c10378
_d10378